000 01771nam a2200301Ia 4500
008 130821s1729 sp gr lat
040 _aCo-BoUCM
_bspa
041 0 _alat
092 _aE11N053
100 1 _aGonzalez de Salcedo, Pedro
245 1 0 _aTratado jurídico político del contra-bando
_ccompuesto por el licenciado D. Pedro González de Salcedo
260 _aMadrid (España)
_bJuan Muñoz
_c1729
300 _a[10], 400 páginas
500 _aDetalles físicos: Encuadernación en pergamino en buen estado de conservación. Portada sencilla a u sólo color. Texto impreso en dos columnas sobre papel de regular calidad, con notas al pie de página, uso de letra capital sencilla y adornos de h
504 _aIncluye índice.
505 2 _a¿Qúe es contra-bando (sic)?. ; Si convendrapa al pincipe permitir á (sic) sus vasallos comerciar fuera de sus reynos (sic), ó (sic) es mayor conveniencia denegarles esta permission (sic)?. ; Si podrá el principe impedir á (sic) sus vasallos con
506 _aConsulta en sala.
650 _aContrabando
_ySiglo XVII
_911789
650 _aDerecho comercial
_xLegislación
_xObras anteriores a 1800
_912717
650 _aDerecho comercial
_zEspaña
_xObras anteriores a 1800
_912717
650 _aDerecho
_97494
650 _aMercancías
_xObras anteriores a 1800
_919366
651 _aEspaña
_xObras anteriores a 1800
_926943
700 1 _aMuñoz, Juan
_eimp.
856 4 1 _zDisponible en línea
_uhttp://books.google.com/books?id=u8R2k_7YqAYC&printsec=frontcover&dq=tratado+juridico+politico+del+contra-bando+1729&hl=es&ei=wyAwTtGCM6rniAKzsuUr&sa=X&oi=book_result&ct=result&resnum=1&ved=0CCsQ6AEwAA#v=onepage&q&f=false
942 _cLIBRO
_a8
_e1
_2DEWEY
_h345.0233
999 _c74008
_d74008